| 000 | 00492nam a22001817a 4500 | ||
|---|---|---|---|
| 003 | NUST - PNEC | ||
| 005 | 20170116181121.0 | ||
| 008 | 150921b xxu||||| |||| 00| 0 eng d | ||
| 020 | _a8178081571 | ||
| 040 | _cLIBRARY | ||
| 082 | _a670 KAL | ||
| 100 |
_911506 _aKalpakjian, Serope |
||
| 245 |
_aManufacturing processes for engineering materials _cSerope Kalpakjian |
||
| 250 | _aFourth Edition | ||
| 260 | _cc.2001 | ||
| 650 |
_911507 _aManufacturing processes _xME |
||
| 942 |
_2ddc _cBK |
||
| 999 |
_c69563 _d69563 |
||